LEADER 00897nas a2200229 i 4500 001 000000141990 003 CaOOAMICUS 005 20050912000000.0 008 050816b2005 it uu u0 0ita r 013 $a116813 040 $aSeMil$bita 245 12$aL'invisibile e lo spazio. 260 $aFirenze :$bFirenze University Press,$ccopyr. 2005. 300 $a144 p. ;$c24 cm. 500 $aArticoli con sintesi in inglese in testa. - Titolo dalla copertina. 773 0 $tReligioni e Società.$dRoma : Ianua, 1986.$x0394-9397$w()3189 774 0 $t[vedi periodico].$w()262356 850 $aSeMil 852 $aSeMil$W1$xVenegono$y1$m212 2 68$j95186$B95186$CSeMilBibl$Z2$F102754 $85 961 $aAbbonamento: Firenze University Press 996 $6245$aL'invisibile e lo spazio$9(OLS)http://semarc/title/207555 996 $6260$aFirenze :$bFirenze University Press$9(OLS)http://semarc/publisher/44475 LEADER 01427nam a2200325 i 4500 001 000000045037 003 CaOOAMICUS 005 20060904000000.0 008 060904s1991 it u000 u ita u 013 $a16207 020 $a88-384-1707-5 040 $aSeMil$bita 100 1 $aTramontin, Silvio,$d<1919-1997>.$0(OLS)http://semarc/name/9362 245 10$aStoria della Chiesa moderna e contemporanea /$cSilvio Tramontin. 260 $aCasale Monferrato (AL) :$bPiemme,$c1991. 300 $a131 p. ;$c21 cm. 490 0 $aManuali di base ;$v7 490 0 $aTeologia e scienze religiose 500 $aContiene : Bibliografia essenziale. 650 4$aChiesa - Storia - Controriforma.$0(OLS)http://semarc/subject/1223 650 4$aChiesa - Storia - Età Contemporanea.$0(OLS)http://semarc/subject/6093 650 4$aChiesa - Storia - Età Moderna.$0(OLS)http://semarc/subject/5660 830 0$aManuali di base ;$v7.$0(OLS)http://semarc/title/338 830 0$aTeologia e scienze religiose.$0(OLS)http://semarc/title/8171 850 $aSeMil 852 $aSeMil$W1$xVenegono$y1$m2RA III 107$j11192$B11192$CSeMilBibl$Z2$F11192 $81 961 $aOmaggio: Conti Franco 996 $6020$a88-384-1707-5$9(OLS)http://semarc/number/17066 996 $6245$aStoria della Chiesa moderna e contemporanea$9(OLS)http://semarc/title/66842 996 $6260$aCasale Monferrato (AL) :$bPiemme$9(OLS)http://semarc/publisher/30052